000 00843cab a2200253 4500
001 WB3041-20
008 090401t1994 xxu||||| |||| 00| 0 eng d
035 _a(Sirsi) u25805
041 _aeng
245 _aEC Habitats Directive
260 _c1994
350 _a0
490 _aDoE News Release
_v(616) 31 October 1994, (2)
520 _aThe Conservation (Natural Habitats...) Regulations 1994 which implement the EC Habitats Directive in Great Britain are now in force. (SI 1994: 2716)
650 _aCONSERVATION (NATURAL HABITATS &C.) REGULATIONS 1994
650 _aEC HABITATS DIRECTIVE
650 _aNATURAL HABITATS
650 _aNATURE CONSERVATION
650 _aSPECIAL AREAS OF CONSERVATION
650 _aSPECIAL PROTECTION AREAS
690 _aENVIRONMENTAL AND LAND CONSULTANCY
942 _n0
948 _c04/03/1997
999 _c17344
_d17344